LEADER 01747nam a2200361 u 4500 001 000000106912 003 CaOOAMICUS 005 20070912113033.0 008 070912s1992 gw u000 u ger u 020 $a3-451-22119-5 040 $aPUL$bita$dLDB 041 1 $ager$hgrc 100 0 $aCyrillus Hierosolymitanus,$cs., arciv.,$d315-387.$0(OLS)http://pul/name/13193 245 10$aMystagogicae catecheses =$bMystagogische Katechesen /$cCyrill von Jerusalem ; übersetzt und eingeleitet von Georg Röwekamp. 246 31$aMystagogische Katechesen 260 $aFreiburg :$bHerder,$cc1992. 300 $a197 p. ;$c20 cm. 490 1 $aFontes christiani ;$vBd. 07 504 $aBibliografia : p. [171]-184. 546 $aTesto greco a fronte con introduzione in tedesco. 700 1 $aRöwekamp, Georg.$0(OLS)http://pul/name/38507 700 0 $aCyrillus Hierosolymitanus,$cs., arciv.,$d315-387.$tCatecheses.$0(OLS)http://pul/nameTitle/387$0(OLS)http://pul/name/13193$0(OLS)http://pul/title/132471 830 0$aFontes christiani ;$vBd. 07.$0(OLS)http://pul/title/15906 850 $aPUL 852 $aPUL$W1$xSL Religione 1$y3$m20 D 7$j121047$qStampati$B120198$CPULBib$Z2$F120198 $H79227 $82 900 $aCirillo di Gerusalemme,$cs., arciv.,$d315-387$913193 900 $aCirillo di Gerusalemme,$cs., arciv.,$d315-387$913193 900 $aTeodoro,$cvesc. di Mopsuestia,$dm. 428$95959 941 1 $a8 996 $6020$a3-451-22119-5$9(OLS)http://pul/number/135577 996 $6246$aMystagogische Katechesen$9(OLS)http://pul/title/134610 996 $6245$aMystagogicae catecheses =$bMystagogische Katechesen$9(OLS)http://pul/title/134609 996 $6260$aFreiburg :$bHerder$9(OLS)http://pul/publisher/48354 LEADER 01326nam a2200313 a 4500 001 000000133167 003 CaOOAMICUS 005 20130313155156.0 008 130313s2010 it u000 u ita r 020 $a978-88-07-81699-4 040 $aPUL$bita 082 04$a128.4 100 1 $aNatoli, Salvatore.$0(OLS)http://pul/name/18434 245 12$aL'esperienza del dolore :$ble forme del patire nella cultura occidentale /$cSalvatore Natoli. 250 $a5. ed. 260 $aMilano :$bFeltrinelli,$c2010. 300 $a387 p. ;$c18 cm 490 1 $aSaggi. Universale Economica Feltrinelli ;$v1699 504 $aComprende riferimenti bibliografici ed indice. 650 4$aDolore.$0(OLS)http://pul/subject/21148 830 0$aSaggi (Universale economica Feltrinelli) ;$v1699.$0(OLS)http://pul/title/168094 850 $aPUL 852 $aPUL$W1$xSL Filosofia 3$y81$m128. 4 NATSA 1$j153105$qDDC 21$B152601$CPULBib$Z2$F152601 $H121856 $82 941 1 $a9 996 $6020$a978-88-07-81699-4$9(OLS)http://pul/number/152140 996 $6082$a128.4$9(OLS)http://pul/classification/2336 996 $6245$aL'esperienza del dolore :$ble forme del patire nella cultura occidentale$9(OLS)http://pul/title/168267 996 $6260$aMilano :$bFeltrinelli$9(OLS)http://pul/publisher/48846